000 00319nam a22000977a 4500
005 20250901165614.0
008 240321b |||||||| |||| 00| 0 eng d
050 _aQA76 AA53 2003
245 _aA + GUIDE TO SOFTWARE:MANAGING,MAINTAINING, AND TROUBLESHOOTING
_cAndrews, Jean
942 _2lcc
_hQA76 AA53 2003
999 _c6571
_d6571